Normal view
MARC view
Entry Personal Name
001 - CONTROL NUMBER
- control field: 12644
003 - CONTROL NUMBER IDENTIFIER
- control field: OSt
005 - DATE AND TIME OF LATEST TRANSACTION
- control field: 20180502193418.0
008 - FIXED-LENGTH DATA ELEMENTS
- fixed length control field: 180502|| aca||aabn | a|a d
040 ## - CATALOGING SOURCE
- Original cataloging agency: OSt
- Transcribing agency: OSt
100 ## - HEADING--PERSONAL NAME
- Personal name: Fishman, Scott [et...al]
670 ## - SOURCE DATA FOUND
- Source citation: Work cat.: (OSt)6008: Fishman, Scott [et...al], Bonica's Management of Pain, 2012.
